Logibox logistické centrum Bratislava

Bibliographic Details
Main Author: Polyák, Juraj, 1959- (Author)
Format: Article
Language:Slovak
PhysicalDescription:Obr.
ISSN:1335-3268
Subjects:

MARC

LEADER 00000nab a2200000 ar4500
001 vtls008989402
003 SK-MaSNL
005 20260426063413.0
008 070516c2007 xo mr|p|||||||000 b|slo
015 |a SNBRB2007/05  |2 snkbucl 
038 |a SNKBUCL 
040 |a SNKBUCL  |b slo  |c SNKBUCL  |e AACR2 
041 0 |a slo 
044 |a xo  |c SK 
080 |a 725.353  |x (437.6)  |2 2001 
080 |a 725.4  |x (437.6)  |2 2001 
100 1 |a Polyák, Juraj,  |d 1959-  |4 aut  |9 117884 
245 1 0 |a Logibox  |b logistické centrum Bratislava  |c Juraj Polyák 
300 |b Obr. 
500 |a Architekt: Juraj Polyák 
610 2 7 |a Logibox (Bratislava, Slovensko)  |x projekty  |2 snkbucl  |9 1286064 
650 0 7 |a logistické centrá  |2 snkbucl  |9 78863 
651 7 |a Bratislava (Slovensko)  |2 snkbucl  |9 14568 
773 0 |t ARCH  |g Roč. 12, č. 4 (2007), s. 37  |x 1335-3268 
852 |a SNK  |b KIS3GCP 
958 |a SK 
999 |c 2555713  |d 2557643